Využitie jazyka Python na analýzu veľkých dátových setov diplomová práca

Salvato in:
Dettagli Bibliografici
Autore principale: Volentics, Marko
Ente Autore: Fakulta hospodárskej informatiky EU. Katedra aplikovanej informatiky
Altri autori: Schmidt, Peter, 1968-
Natura: Libro
Lingua:slovacco
Pubblicazione: Bratislava 2025
Tags: Aggiungi Tag
Nessun Tag, puoi essere il primo ad aggiungerne!!

MARC

LEADER 00000nbm a2200000 4500
001 0310427
005 20251121130118.8
041 0 |a slo 
044 |a SK 
245 1 0 |a Využitie jazyka Python na analýzu veľkých dátových setov  |b diplomová práca  |c Marko Volentics ; školiteľ: Peter Schmidt 
264 1 |a Bratislava  |c 2025 
300 |a 84 s. 
100 1 |a Volentics, Marko 
700 1 |a Schmidt, Peter, 1968- 
710 2 |a Fakulta hospodárskej informatiky EU. Katedra aplikovanej informatiky